Word Ladder: Gay Day Quiz Stats

 Plays Quiz Updated Jun 26, 2016

Challenge
Share
Tweet
Embed
Score 0/13 Timer 01:30
0 Plays Today
Hint 4-Letter Word % Correct
Harry Potter has a magic oneWAND
96.9%
Uncle Sam: 'I _____ You'WANT
96.4%
A gust, or galeWIND
95%
Weakest of the litterRUNT
93.5%
TiradeRANT
91.9%
Iron oxideRUST
91.1%
Canadian rock bandRUSH
79.2%
Justice Bader Ginsberg, who joined Justice Kennedy in the majority rulingRUTH
72.7%
Type of IRAROTH
69.7%
Memorization techniqueROTE
68.3%
Marriage equality slogan, with last rung**LOVE**
56.8%
Marriage equality slogan, with first rung**WINS**
48.7%
President Bush's 'Architect'ROVE
46.3%

Today's Daily Dose

Missing Word
Entertainment 'L'

Word Ladder
Fingers

Quick Pick
When in Rome

On This Day
December 15th II

You're not logged in!

Compare scores with friends on all Sporcle quizzes.
OR
Log In

You Might Also Like...

Show Comments

Extras

Top Quizzes Today


Score Distribution

Your Account Isn't Verified!

In order to create a playlist on Sporcle, you need to verify the email address you used during registration. Go to your Sporcle Settings to finish the process.

Report this User

Report this user for behavior that violates our Community Guidelines.

Details: